000 00381 a2200157 4500
001 74327
020 _a9788576755449
040 _cAnchieta - Colégio São Paulo
100 _aVasconcelos, Adson
240 1 0 _aAprender juntos português, 2º ano
_lpor
245 1 0 _aAprender juntos português, 2º ano
300 _a256
362 0 _a2010
650 4 _aPortuguês
942 _cBK
999 _c74327
_d74327